Lekin (Record no. 534170)
[ view plain ]
| 000 -LEADER | |
|---|---|
| fixed length control field | 00639nam a22002297a 4500 |
| 003 - CONTROL NUMBER IDENTIFIER | |
| control field | NUST |
| 005 - DATE AND TIME OF LATEST TRANSACTION | |
| control field | 20200206105554.0 |
| 008 - FIXED-LENGTH DATA ELEMENTS--GENERAL INFORMATION | |
| fixed length control field | 170515b xxu||||| |||| 00| 0 eng d |
| 038 ## - RECORD CONTENT LICENSOR | |
| Staff Name | MSOHAIL |
| 040 ## - CATALOGING SOURCE | |
| Transcribing agency | NUST |
| 082 ## - DEWEY DECIMAL CLASSIFICATION NUMBER | |
| Classification number | 891.4391 |
| Author Mark | ELI |
| 100 ## - MAIN ENTRY--PERSONAL NAME | |
| Personal name | Elia, Jon |
| 9 (RLIN) | 750 |
| 245 ## - TITLE STATEMENT | |
| Title | Lekin |
| Statement of responsibility, etc. | by Jon Elia |
| 260 ## - PUBLICATION, DISTRIBUTION, ETC. | |
| Place of publication, distribution, etc. | Lahore: |
| Name of publisher, distributor, etc. | Al-Hamad Publications, |
| Date of publication, distribution, etc. | 2010 |
| 300 ## - PHYSICAL DESCRIPTION | |
| Extent | 250 p. |
| 500 ## - GENERAL NOTE | |
| General note | Poetry |
| 650 ## - SUBJECT ADDED ENTRY--TOPICAL TERM | |
| Topical term or geographic name entry element | Urdu-Poetry |
| 9 (RLIN) | 751 |
| 880 ## - ALTERNATE GRAPHIC REPRESENTATION | |
| Title | جون ایلیا |
| Linkage | 100-01\(3\r |
| 880 ## - ALTERNATE GRAPHIC REPRESENTATION | |
| Title | لیکن |
| Linkage | 245-03\(3\r |
| c | جون ایلیا |
| 880 ## - ALTERNATE GRAPHIC REPRESENTATION | |
| Title | لاہور: |
| Linkage | 260-03\(3\r |
| b | الحمد پبلی کیشن، |
| c | 2010. |
| 942 ## - ADDED ENTRY ELEMENTS (KOHA) | |
| Source of classification or shelving scheme | |
| Koha item type | Book |
| Withdrawn status | Lost status | Source of classification or shelving scheme | Damaged status | Not for loan | Permanent Location | Current Location | Date acquired | Total Checkouts | Full call number | Barcode | Date last seen | Date last checked out | Price effective from | Koha item type |
|---|---|---|---|---|---|---|---|---|---|---|---|---|---|---|
| School of Civil and Environmental Engineering (SCEE) | School of Civil and Environmental Engineering (SCEE) | 02/06/2020 | 3 | 891.4391 ELI | NIT-9664 | 01/29/2026 | 11/14/2025 | 02/06/2020 | Book |
